000
00321nam a22001217a 4500
008
180604b xxu||||| |||| 00| 0 eng d
041
_a
eng
080
_a
043.3
100
_a
0
101
_a
MBE-BTH
245
_a
Aplikimi i korrelacionit dhe regresionit në statistikat e sektorit financiar
_c
Demolli,H
942
_2
udc
_c
BK
999
_c
46290
_d
46290